<?xml version="1.0" encoding="UTF-8"?>
<record
    xmlns:xsi="http://www.w3.org/2001/XMLSchema-instance"
    xsi:schemaLocation="http://www.loc.gov/MARC21/slim http://www.loc.gov/standards/marcxml/schema/MARC21slim.xsd"
    xmlns="http://www.loc.gov/MARC21/slim">

  <leader>02041    a2200205   4500</leader>
  <controlfield tag="001">34338</controlfield>
  <controlfield tag="005">20260407155631.0</controlfield>
  <controlfield tag="008">260407a1968    arg                 spa d</controlfield>
  <controlfield tag="003">AR-UNSa-BCEJYS</controlfield>
  <datafield tag="040" ind1=" " ind2=" ">
    <subfield code="a">AR-UNSa-BCEJYS</subfield>
    <subfield code="b">spa</subfield>
    <subfield code="c">AR-UNSa-BCEJYS</subfield>
  </datafield>
  <datafield tag="080" ind1=" " ind2=" ">
    <subfield code="a">658.012.261</subfield>
    <subfield code="x">Suceso-nodo-red. Orientaci&#xF3;n al suceso. PERT (T&#xE9;cnica de Revisi&#xF3;n y Evaluaci&#xF3;n de Proyectos)</subfield>
  </datafield>
  <datafield tag="245" ind1="1" ind2="0">
    <subfield code="a">Aplicaciones pr&#xE1;cticas del PERT y CPM</subfield>
  </datafield>
  <datafield tag="250" ind1=" " ind2=" ">
    <subfield code="a">3a. ed</subfield>
  </datafield>
  <datafield tag="264" ind1=" " ind2="1">
    <subfield code="a">Bilbao :</subfield>
    <subfield code="b">Ediciones Deusto</subfield>
    <subfield code="c">1968</subfield>
  </datafield>
  <datafield tag="300" ind1=" " ind2=" ">
    <subfield code="a">166 p.</subfield>
    <subfield code="c">21 cm.</subfield>
  </datafield>
  <datafield tag="505" ind1=" " ind2=" ">
    <subfield code="a">1. Historia - 2. &#xBF;Que son PERT y CPM ? - 3. &#xBF;Que significa la palabra direccion? - 4. Aplicaciones de PERT y CPM - 5. Ventajas de estas t&#xE9;cnicas - 6. Diferencias con el m&#xE9;todo GANTT - 7. Fundamentos de la representaci&#xF3;n gr&#xE1;fica de un proyecto - 8. Enumeraci&#xF3;n de los sucesos - 9. Tiempo de preparaci&#xF3;n y retricciones externas del proyecto - 10. Flechas ficticias - 11. Procedimientos para dibujar la red de flechas - 12. Ejemplos - 13. C&#xF3;mputo de tiempo lo mas pronto posible y lo mas tarde permisible de comenzar y terminar una actividad - 14. Concepto de camino cr&#xED;tico y holgaduras de tiempo - 15. Un criterio para acortamiento de la duraci&#xF3;n de una actividad e incertidumbre de su cumplimiento - 16. Estimaci&#xF3;n de probabilidades en el cumplimiento de la duracci&#xF3;n total del proyecto - 18. M&#xE9;todo de Monte Carlo en el sistema del PERT - 19. Aplicaciones realizadas en la industria espa&#xF1;ola - 20. Relaci&#xF3;n entre la duraci&#xF3;n y el coste directo de una actividad - 21. Criterio de elecci&#xF3;n de actividad para su acortamiento - 22. Algunos casos especiales de duraci&#xF3;n-coste - 23. Programaci&#xF3;n por el m&#xE9;todo CPM - 24. Elecci&#xF3;n de una programaci&#xF3;n &#xF3;ptima: coste total m&#xED;nimo - 25. Modelo matem&#xE1;tico del CPM y m&#xE9;todo simplex-sim&#xE9;trico - 26. Algoritmo de fulkerson - 27. Ejemplo con aplicaci&#xF3;n del algoritmo de fulkerson - 28. M&#xE9;todo de control y monitores del proyecto - Ap&#xE9;ndice. </subfield>
  </datafield>
  <datafield tag="942" ind1=" " ind2=" ">
    <subfield code="c">BK</subfield>
  </datafield>
  <datafield tag="590" ind1=" " ind2=" ">
    <subfield code="a">niveau_biblio:m niveau_hierar:0</subfield>
  </datafield>
  <datafield tag="100" ind1="1" ind2=" ">
    <subfield code="a">Yu Cuen-Tao, Luis</subfield>
  </datafield>
  <datafield tag="999" ind1=" " ind2=" ">
    <subfield code="c">2437</subfield>
    <subfield code="d">2437</subfield>
  </datafield>
  <datafield tag="952" ind1=" " ind2=" ">
    <subfield code="0">0</subfield>
    <subfield code="1">0</subfield>
    <subfield code="4">0</subfield>
    <subfield code="7">0</subfield>
    <subfield code="a">BCEJYS</subfield>
    <subfield code="b">BCEJYS</subfield>
    <subfield code="c">16</subfield>
    <subfield code="d">2026-04-07</subfield>
    <subfield code="l">0</subfield>
    <subfield code="o">658.012.261 Y94 3ed.</subfield>
    <subfield code="p">L21775</subfield>
    <subfield code="r">2026-04-07 15:56:31</subfield>
    <subfield code="w">2026-04-07</subfield>
    <subfield code="y">L</subfield>
  </datafield>
  <datafield tag="952" ind1=" " ind2=" ">
    <subfield code="0">0</subfield>
    <subfield code="1">0</subfield>
    <subfield code="4">0</subfield>
    <subfield code="7">0</subfield>
    <subfield code="a">BCEJYS</subfield>
    <subfield code="b">BCEJYS</subfield>
    <subfield code="c">16</subfield>
    <subfield code="d">2026-04-07</subfield>
    <subfield code="l">0</subfield>
    <subfield code="o">658.012.261 Y94 3ed.</subfield>
    <subfield code="p">L22424</subfield>
    <subfield code="r">2026-04-07 15:56:31</subfield>
    <subfield code="w">2026-04-07</subfield>
    <subfield code="y">L</subfield>
  </datafield>
</record>
